000 00404nam a22001337a 4500
999 _c18792
_d18792
008 210212b xxu||||| |||| 00| 0 eng d
020 _a9966194749
050 _aDT433.584
_b.M65 2019 v.1 c.1
245 _aMoi Cabinets
_bThe Nyayo Era - 24 years
_cEdited by Joy Mueni
260 _aNairobi
_bKenya Yearbook Editorial Board
_c2019
300 _aiv, 286p.
650 _aDrama Intrigues
942 _2lcc
_cAFRI